Radhakrishnan's philosophy of history/ (Record no. 36919)

000 -LEADER
fixed length control field 00354nam a22001451a 4500
020 ## - INTERNATIONAL STANDARD BOOK NUMBER
ISBN 9789380190433
082 ## - DEWEY DECIMAL CLASSIFICATION NUMBER
Classification number 901
Item number SBP/R
100 ## - MAIN ENTRY--AUTHOR NAME
Personal name S B P Mehta
245 ## - TITLE STATEMENT
Title Radhakrishnan's philosophy of history/
Statement of responsibility, etc by S B P Mehta
260 ## - PUBLICATION, DISTRIBUTION, ETC. (IMPRINT)
Place of publication New Delhi:
Name of publisher Satyam,
Year of publication 2010.
300 ## - PHYSICAL DESCRIPTION
Number of Pages 206p.
650 ## - SUBJECT ADDED ENTRY--TOPICAL TERM
Topical Term History Philosophy
650 ## - SUBJECT ADDED ENTRY--TOPICAL TERM
Topical Term History
942 ## - ADDED ENTRY ELEMENTS (KOHA)
Koha item type Book
Holdings
Withdrawn status Lost status Damaged status Not for loan Permanent Location Current Location Date acquired Cost, normal purchase price Full call number Accession Number Cost, replacement price Price effective from Koha item type
        Sree Sankaracharya University of Sanskrit Sree Sankaracharya University of Sanskrit 08.01.2015 500.00 901 SBP/R 067084 0.00 08.01.2015 Book